000 01373nam a22003374a 4500
001 ebr10211949
003 CaPaEBR
006 m u
007 cr cn|||||||||
008 030603s2005 enka sb 001 0 eng
010 _z 2003047109
020 _z0195168216 (alk. paper)
020 _z0195168224 (pbk. : alk. paper)
040 _aCaPaEBR
_cCaPaEBR
035 _a(OCoLC)271200988
050 1 4 _aPB2171
_b.R63 2005eb
082 0 4 _a491.6/65
_221
100 1 _aRoberts, Ian G.
245 1 0 _aPrinciples and parameters in a VSO language
_h[electronic resource] :
_ba case study in Welsh /
_cIan G. Roberts.
260 _aOxford ;
_aNew York :
_bOxford University Press,
_c2005.
300 _aviii, 207 p. :
_bill.
490 1 _aOxford studies in comparative syntax
504 _aIncludes bibliographical references (p. 187-197) and index.
533 _aElectronic reproduction.
_bPalo Alto, Calif. :
_cebrary,
_d2013.
_nAvailable via World Wide Web.
_nAccess may be limited to ebrary affiliated libraries.
650 0 _aWelsh language
_xSyntax.
650 0 _aWelsh language
_xGrammar, Generative.
655 7 _aElectronic books.
_2local
710 2 _aebrary, Inc.
830 0 _aOxford studies in comparative syntax.
856 4 0 _uhttp://site.ebrary.com/lib/rucke/Doc?id=10211949
_zAn electronic book accessible through the World Wide Web; click to view
999 _c125673
_d125673